|
|
|
|
| LEADER |
01277nam a22003131a 4500 |
| 001 |
000699564 |
| 003 |
CZ BrMZK |
| 005 |
20090218075538.0 |
| 007 |
ta |
| 008 |
031209s1982 xr f cze d |
| 015 |
|
|
|a cnb000128310
|
| 035 |
|
|
|a (OCoLC)42159380
|
| 040 |
|
|
|a BOA001
|b cze
|c BOA001
|
| 080 |
9 |
|
|a 301.151(075.8)
|
| 080 |
9 |
|
|a 378.4
|
| 100 |
1 |
|
|a Hermochová, Soňa,
|d 1932-2018
|7 jn20000400936
|4 aut
|
| 245 |
1 |
0 |
|a Sociálně psychologický výcvik :
|b příspěvek sociální psychologie k metodice práce s přirozenou skupinou /
|c Soňa Hermochová
|
| 250 |
|
|
|a 1. vyd.
|
| 260 |
|
|
|a Praha :
|b Státní pedagogické nakladatelství,
|c 1982
|
| 300 |
|
|
|a 210 s.
|
| 504 |
|
|
|a Obsahuje bibliografii
|
| 550 |
|
|
|a Vydavatel: Univerzita Karlova v Praze, Filozofická fakulta
|
| 710 |
2 |
|
|a Univerzita Karlova.
|b Filozofická fakulta
|7 kn20010710340
|
| 856 |
4 |
1 |
|u http://www.digitalniknihovna.cz/mzk/uuid/uuid:750916d0-19e3-11e7-96ce-005056827e51
|y Digitalizovan dokument
|
| 910 |
|
|
|a BOA001
|b PK-N-0021.665
|b 4-0845.267
|
| 920 |
|
|
|a 000176828
|
| 964 |
|
|
|a Skupiny přirozené - výcvik sociálně psychologický - metodiky - učebnice - školy vysoké
|
| 990 |
|
|
|a BK
|
| 996 |
7 |
|
|b 2619948985
|c 4-0845.267
|l MZK
|r Sklad / do 1 hodiny
|n 32
|w 000699564
|u 000020
|a 1
|e BOA001
|j MZK50
|s A
|